| 000 | 00000nam##2200000za#4500 |
| 001 | 9.694989 |
| 003 | CaOODSP |
| 005 | 20210624234353 |
| 007 | cr ||||||||||| |
| 008 | 150407|2001||||xxc|||||o f|0| 0 eng|d |
| 040 | |aCaOODSP|beng |
| 043 | |an-cn--- |
| 086 | 1 |aD82-60/2001E-PDF |
| 110 | 1 |aCanada.|bEmergency Preparedness Canada. |
| 245 | 10|aNatural hazards of Canada : |h[electronic resource]|ba historical mapping of significant natural disasters |
| 260 | |aOttawa - Ontario : |bEmergency Preparedness Canada |c[2001]. |
| 300 | |a1p.|bcoloured illus., coloured map |
| 590 | |a11-17-Supp|b2011-09-12 |
| 690 | 07|aFloods|2gcpds |
| 690 | 07|aEarthquakes|2gcpds |
| 690 | 07|aStorms|2gcpds |
| 690 | 07|aLandslides|2gcpds |
| 775 | 08|tLes catastrophes naturelles du Canada : |w(CaOODSP)9.639150 |
| 776 | 0#|tNatural hazards of Canada : |w(CaOODSP)9.648122 |
| 856 | 40|ahttp://publications.gc.ca|qPDF|s746 KB|uhttps://publications.gc.ca/collections/collection_2011/sp-ps/D82-60-2001-eng.pdf |